000 00659nam a2200229Ia 4500
003 OSt
005 20220918105724.0
006 a|||||r|||| 00| 0
007 ta
008 220915b |||||||| |||| 00| 0 eng d
024 _a248778
037 _cReference Collections
040 _aARTS
_cARTS
_beng
041 _2eng
_aeng
082 _aR62, H7;K8(RR)
100 _aBulcke C.
_93533
245 0 _aThe theism of nyaya - vaisesika
_b Its origin and early development
260 _aDelhi
_bMotilal Banarsidass India
_c1968
300 _a58p.
942 _hR62, H7;K8(RR)
_cREF
999 _c109147
_d109147